header

Eyes deep with unfathomable histories (Record no. 53819)

MARC details
000 -LEADER
fixed length control field 01235nam a2200301Ia 4500
245 00 - TITLE STATEMENT
Title Eyes deep with unfathomable histories
260 ## - PUBLICATION, DISTRIBUTION, ETC. (IMPRINT)
Place of publication Frankfurt am Main :
Name of publisher P. Lang,
Year of publication 2012.
300 ## - PHYSICAL DESCRIPTION
Number of Pages 162 p.
490 0# - SERIES STATEMENT
Series statement Studies in literature in English ;
650 #0 - SUBJECT ADDED ENTRY--TOPICAL TERM
Topical Term Magic realism (Literature)
Topical Term English literature
700 1# - ADDED ENTRY--PERSONAL NAME
Personal name Sikorska, Liliana.
Personal name Rzepa, Agnieszka.
856 40 - ELECTRONIC LOCATION AND ACCESS
Uniform Resource Identifier http://site.ebrary.com/lib/rucke/Doc?id=10619397

No items available.

© 2026 Rongo University
Contact us: librarian | system librarian | Rongo university